Регионална библиотека "Любен Каравелов" - Русе

Physical geography (Запис номер 408706)

MARC детайли
000 -Лидер
Контролно поле с фиксирана дължина 01037nam a2200325 c 4500
003 - Код на организацията, давaща контролен номер
Контролно поле BLK
005 - Дата и час на последна редакция
Контролно поле 20210415145458.0
008 - Елементи от данни с фиксирана дължина
fixed length control field 180408b bul|||||r ||||||| ||bul||
040 ## - Източник на каталожния запис
Идентификатор на билиотеката - собственик на записа BLK
041 ## - Код за език
Код за езика на текст/звукозапис или на отделно заглавие Английски
Код за езика КДБФ Английски
080 ## - УДК
Текстов определител УДК Физическа география и природа
УДК код - определител по УДК 502:911.2
УДК - код + определител 502:911.2
100 ## - Редна дума - Автор
Автор Geikie, Archibald
Авторска отговорност първи автор
R(LIN) 448685
139 ## - Редно поле
Редна дума Geikie, Archibald
245 10 - Сведения за заглавието
Заглавие Physical geography
Редно поле (дума) Archibald Geikie
250 ## - Област на изданието
Сведения за изданието New and thoroughly rev. ed.
257 ## - Страна на издаване
Страна на създаване/издаване Великобритания
260 ## - Област на издателските данни
Име на издателя, разпространителя и проч. Macmillan
Година на издаване 1885
9 (RLIN) 209719
Място на издаване, разпространение и проч. London
300 ## - Физическа характеристика
Страници 143 p.
Илюстрации и др. ill.
Размери/Мащаб 15 cm
380 ## - Жанр
Жанр Естествени науки. Математика
490 ## - СЕРИИ (Колекции)
9 (RLIN) 448680
Име на серия Science primers
490 ## - СЕРИИ (Колекции)
9 (RLIN) 435080
Име на серия Колекция Редки и ценни издания
650 #0 - Допълнително описание по предмет – тема
Основно описание – тема или топоним Физическа география
9 (RLIN) 283035
852 ## - Местоположение
Форматна сигнатура Ра 885
Фондова буква Редки и ценни
856 4# - Електронен адрес и достъп
Електронен формат pdf - файл
856 4# - Електронен адрес и достъп
Електронен формат pdf - файл
999 ## - СИСТЕМНИ КОНТРОЛНИ НОМЕРА
Koha biblionumber 408706
Koha biblioitemnumber 408706
942 ## - АРТИКУЛИ
Вид на библиотечния материал Книги
Скрит в OPAC Не
Периодичен библиозапис Да
944 ## - СЪЗДАВАНЕ И РЕДАКЦИЯ на ЗАПИСА
Създаване/Редакция Създаване
Дата на регистрацията/редакция 2021-04-15
Служител, извършил регистрацията/редакцията NR
Наличности
Код за отписване Код за изгубен артикул Източник на класификационната схема Код за повреда Коз за рестрикции Код за отдаване Артикулен № Име на библиотеката - собственик Име на библиотеката, в която се намира в момента Статус (Текущо местоположение) Дата на вписване в системата Местоположение - отдел Цена в лева Инвентарен номер Систематично азбучна сигнатура Баркод Цена в евро Служебен тип на артикула
  Не е изгубен Universal Decimal Classification Не е повреден само за читалня Специални фондове ( старопечатни, редки и ценни, фонд М. Арнаудов) 854274 Регионална библиотека "Любен Каравелов" Русе Регионална библиотека "Любен Каравелов" Русе Редки и ценни 2021-09-23 Редки и ценни 0.28 18367 Ра 885 900000052664 0.14 Книги
Vip Innovations Ltd, Rousse, Bulgaria 2025